| 000 | 00774nam a2200229Ia 4500 | ||
|---|---|---|---|
| 999 |
_c38785 _d38785 |
||
| 001 | 5134 | ||
| 003 | GE_BSU | ||
| 005 | 20190610184943.0 | ||
| 008 | 181216s1964||||ge |||||||||||||| ||geo|| | ||
| 040 | _cGE_BSU | ||
| 041 | _aGEO | ||
| 080 | _a744 ც-13 | ||
| 100 |
_aცაგარელი, ვლ. _92345 |
||
| 245 |
_aტექნიკური ხატვა : _bსახელმძღვ. / _cვლ. ცაგარელი |
||
| 250 | _aმეორე გამოცემა | ||
| 264 |
_aთბილისი : _bცოდნა, _c1964. |
||
| 300 |
_a160 გვ. : _bილ. ; _c27 სმ. |
||
| 504 | _aბიბლიოგრ. : გვ.158. | ||
| 653 | _aტექნიკური ხატვა | ||
| 653 | _aხატვა | ||
| 942 |
_cBK _2udc |
||